| 000 | 00376nam a2200145Ia 4500 | ||
|---|---|---|---|
| 008 | 130318s9999 xx 000 0 und d | ||
| 020 | _a9788131715369 | ||
| 082 | _a004.6 STA/D | ||
| 100 | _aStallings, William | ||
| 245 | _aData and computer communications | ||
| 250 | _a8 | ||
| 260 |
_bPearson Education _aNew Delhi _c2007 |
||
| 300 | _a834 | ||
| 650 | _aCOMPUTER COMMUNICATION | ||
| 999 |
_c1712 _d1712 |
||